000 01016cam a2200313 a 4500
001 4949194
003 OSt
005 20140310182126.0
008 941021s1994 nyucf 000 0ceng d
010 _a 96113962
020 _a0525940170
035 _a(OCoLC)31324055
040 _aMB
_cMB
_dCoD
_dOCoLC
_dDLC
042 _alccopycat
043 _ae-uk---
050 0 0 _aDA 591
_b.P291 1995
082 0 0 _aHS 920
_bP268 1995
100 1 _aPasternak, Anna.
_914388
245 1 0 _aPrincess in love /
_cAnna Pasternak.
260 _aNew York, N.Y. :
_bA Signet book
_cc1994.
300 _a298 p. :
_c24 cm.
600 0 0 _aDiana,
_cPrincess of Wales,
_d1961-1997
_xRelations with men.
_914389
600 1 0 _aHewitt, James,
_cCaptain.
_914390
650 0 _aPrincesses
_zGreat Britain
_vBiography.
_914391
906 _a7
_bcbc
_ccopycat
_d2
_encip
_f19
_gy-gencatlg
942 _2lcc
999 _c9623
_d9623